| 000 | 00407 a2200145 4500 | ||
|---|---|---|---|
| 001 | 75130 | ||
| 082 | _a629.8 SHA | ||
| 090 |
_c39097 _d39097 |
||
| 100 | _aBahram Shahain ; Michael Hassul | ||
| 245 |
_aControl System Design Using Matlab, 1st Ed _cBahram Shahain ; Michael Hassul |
||
| 250 | _a1 | ||
| 260 |
_aUSA _bP.H _c1993 |
||
| 300 |
_a503 p. ( 80 copies) _bphotocopy |
||
| 500 | _aBE textbook Avionics | ||
| 942 |
_acaenust _k629.8 SHA |
||
| 999 |
_c310203 _d310203 |
||